[Event "Mechanics' Winter TNM; 30/90, SD/30"]
[Site "San Francisco"]
[Date "2012.01.17"]
[Round "3.15"]
[White "Abraham, Renjish"]
[Black "Bayaraa, Chingun"]
[Result "1-0"]
[WhiteElo "1843"]
[BlackElo "1355"]
[Annotator "Donaldson"]
[PlyCount "61"]
[EventDate "2012.??.??"]

1. c4 e6 2. g3 d5 3. cxd5 (3. Nf3) (3. Bg2 dxc4 4. Qa4+) 3... exd5 4. d4 (4.
Bg2 Nf6 5. Nf3 Be7 6. O-O O-O 7. d3) 4... Nf6 5. Bg2 c6 6. Nc3 Nbd7 7. Nf3 Be7
8. O-O O-O 9. Re1 Re8 10. Qd3 h6 (10... Nf8) 11. Nh4 Nb6 12. Nf5 Bxf5 (12...
Bf8) 13. Qxf5 Nc4 14. a3 Nd6 15. Qd3 Bf8 16. f3 Nd7 $2 (16... Qb6 17. e4 $6 Nf5
) 17. Rf1 (17. Bh3) (17. e4) 17... Nb6 18. e4 dxe4 19. fxe4 Qe7 20. e5 Ndc8 21.
Be4 g6 22. Rf2 (22. Bxg6 $1 fxg6 23. Qxg6+ Bg7 24. Bxh6) 22... Kg7 23. Rf6 (23.
Be3) 23... Nd7 24. Rf3 c5 25. Nd5 Qd8 26. Be3 (26. Bxh6+ Kxh6 27. Rxf7) 26...
cxd4 27. Bxd4 Bc5 28. e6+ Bxd4+ 29. Qxd4+ Nf6 30. Qxf6+ Qxf6 31. Rxf6 1-0

[Event "Mechanics' Spring TNM; 30/90, SD/30"]
[Site "San Francisco"]
[Date "2012.03.27"]
[Round "3.19"]
[White "Abraham, Renjish"]
[Black "Chadwick, Richard"]
[Result "1-0"]
[WhiteElo "1862"]
[BlackElo "1600"]
[PlyCount "73"]
[EventDate "2012.??.??"]

1. c4 e5 2. g3 c6 3. Bg2 Bc5 4. Nc3 Nf6 5. d3 h6 6. Nf3 d6 7. a3 a6 8. b4 Ba7
9. O-O O-O 10. Bb2 Re8 11. Qc2 Bf5 12. Rad1 Nbd7 13. a4 Rc8 14. Nd2 Qe7 15. Qb3
Nf8 16. b5 Ne6 17. Nce4 Nd4 18. Bxd4 Bxd4 19. e3 Ba7 20. b6 Bb8 21. Nxf6+ Qxf6
22. a5 Qe6 23. e4 Bh3 24. Rfe1 Bxg2 25. Kxg2 Kh8 26. Nf3 c5 27. Nh4 Rf8 28. Qc2
f5 29. exf5 Rxf5 30. Nxf5 Qxf5 31. Qe2 Rf8 32. Rf1 Re8 33. Qe4 Qf7 34. Rde1 Rf8
35. Re3 Qd7 36. Rf3 Rd8 37. Qd5 1-0

[Event "Mechanics' Spring TNM; 30/90, SD/30"]
[Site "San Francisco"]
[Date "2012.03.13"]
[Round "1.25"]
[White "Abraham, Renjish"]
[Black "Cowgill, Jackie"]
[Result "1-0"]
[WhiteElo "1862"]
[BlackElo "822"]
[Annotator "Donaldson"]
[PlyCount "51"]
[EventDate "2012.??.??"]

1. c4 c5 2. Nc3 Nc6 3. g3 Nf6 4. Bg2 e6 5. d3 Be7 6. e4 e5 7. f4 exf4 8. Bxf4
d6 9. Nf3 Bg4 10. Qd2 Bxf3 11. Bxf3 Ne5 12. Be2 O-O 13. O-O Qd7 14. Rae1 Qh3
15. Bxe5 Ng4 $4 (15... dxe5 $14) 16. Bxg4 Qxg4 17. Bf4 Qd7 18. Nd5 Rfe8 19. e5
b5 20. Nxe7+ Rxe7 21. exd6 Re6 22. Rxe6 fxe6 23. Qe3 bxc4 24. dxc4 Re8 25. Qxc5
Qa4 26. b3 1-0

[Event "Mechanics' Mar TNM; 30/90, SD/30"]
[Site "San Francisco"]
[Date "2012.08.14"]
[Round "3.12"]
[White "Abraham, Renjish"]
[Black "Hack, Richard"]
[Result "1/2-1/2"]
[WhiteElo "1877"]
[BlackElo "1666"]
[PlyCount "120"]
[EventDate "2012.??.??"]

1. c4 f5 2. d4 g6 3. g3 Nf6 4. Bg2 Bg7 5. Nf3 O-O 6. O-O d6 7. Nc3 Qe8 8. e4 e5
9. exf5 gxf5 10. dxe5 dxe5 11. Be3 c6 12. Bc5 Rf7 13. Bd6 Nfd7 14. c5 Na6 15.
Qb3 Ndxc5 16. Qc4 Be6 17. Qh4 Bf6 18. Qh6 Bc4 19. Rfd1 Bg7 20. Qg5 h6 21. Qg6
Rf8 22. Nxe5 Qxg6 23. Nxg6 Rf6 24. Nf4 Nd3 25. Nxd3 Rxd6 26. Nf4 Rad8 27. Bf3
Nc5 28. Rxd6 Rxd6 29. Rd1 Rxd1+ 30. Bxd1 Nd3 31. Nxd3 Bxd3 32. Bb3+ Kf8 33. Be6
b5 34. Bd7 b4 35. Na4 Be4 36. Nc5 Ke7 37. Nxe4 Kxd7 38. Nc5+ Kd6 39. Nd3 c5 40.
b3 Kd5 41. Nc1 c4 42. Kf1 Bb2 43. Ne2 c3 44. Ke1 Ke4 45. Kd1 h5 46. Kc2 Kf3 47.
Nd4+ Kxf2 48. Nxf5 Kg2 49. Ng7 Kxh2 50. Nxh5 Kh3 51. Nf4+ Kxg3 52. Nd3 Ba3 53.
Ne5 Kf4 54. Nc6 a6 55. Nb8 Ke4 56. Nxa6 Kd4 57. Nb8 Kc5 58. Nd7+ Kd4 59. Nb6
Bb2 60. Nc4 Ba1 1/2-1/2

[Event "Mechanics' Spring TNM; 30/90, SD/30"]
[Site "San Francisco"]
[Date "2012.04.10"]
[Round "5.4"]
[White "Abraham, Renjish"]
[Black "Lee, Andy"]
[Result "0-1"]
[WhiteElo "1862"]
[BlackElo "2279"]
[PlyCount "54"]
[EventDate "2012.??.??"]

1. d4 e6 2. e4 d5 3. e5 c5 4. c3 Qb6 5. Nf3 Nc6 6. a3 Nh6 7. b4 cxd4 8. Bxh6
gxh6 9. cxd4 Rg8 10. Nc3 Rg4 11. h3 Rf4 12. g3 Rxf3 13. Qxf3 Qxd4 14. Qd3 Nxe5
15. Qxd4 Nf3+ 16. Kd1 Nxd4 17. Nb5 Nxb5 18. Bxb5+ Ke7 19. Ke2 e5 20. Rhd1 d4
21. h4 Bg7 22. Rac1 Kd6 23. Rc5 e4 24. Rdc1 Bg4+ 25. Ke1 d3 26. Rc7 $4 (26.
R1c4 $15) 26... Bb2 27. R1c5 Bxa3 0-1

[Event "Mechanics' Winter TNM; 30/90, SD/30"]
[Site "San Francisco"]
[Date "2012.02.14"]
[Round "7.18"]
[White "Abraham, Renjish"]
[Black "Nelson, Christopher"]
[Result "1-0"]
[WhiteElo "1843"]
[BlackElo "1551"]
[PlyCount "57"]
[EventDate "2012.??.??"]

1. c4 f5 2. d4 Nf6 3. Nc3 e6 4. g3 Be7 5. Bg2 O-O 6. Nf3 d6 7. O-O c6 8. Bd2
Nbd7 9. Qc2 e5 10. dxe5 (10. c5 $1) 10... Nxe5 11. Nxe5 dxe5 12. e4 Qd6 13.
Rad1 Qe6 14. b3 (14. exf5 Qxf5 (14... Qxc4) 15. Qb3) 14... fxe4 (14... f4) 15.
Nxe4 Nxe4 16. Bxe4 Qh3 17. Bc3 Qh5 18. Qb2 Bf5 19. Rde1 Bh3 20. Bg2 Bxg2 21.
Kxg2 Qf3+ 22. Kg1 Bc5 23. Rxe5 b6 24. b4 Bd6 25. Re3 Qg4 26. Qe2 Qg6 $2 (26...
Qxe2) 27. Re6 Rae8 28. Rxg6 Rxe2 29. Rxg7+ 1-0

[Event "Mechanics' Winter TNM; 30/90, SD/30"]
[Site "San Francisco"]
[Date "2012.01.03"]
[Round "1.13"]
[White "Abraham, Renjish"]
[Black "Olson, David"]
[Result "1-0"]
[WhiteElo "1843"]
[BlackElo "1404"]
[PlyCount "51"]
[EventDate "2012.??.??"]

1. c4 e5 2. g3 Nf6 3. Bg2 Bc5 4. Nc3 a6 5. Nf3 O-O 6. O-O Re8 7. a3 d5 8. b4
Ba7 9. cxd5 Nxd5 10. Nxd5 Qxd5 11. e4 Qxe4 12. d3 Qg4 13. h3 Qxg3 14. d4 Bxh3
$4 (14... Qg6 $17) 15. fxg3 Bg4 16. Bb2 e4 17. Kh2 Nc6 18. Qc1 exf3 19. Bxf3
Bd7 20. Bxc6 Re2+ 21. Bg2 Bc6 22. Rg1 Rae8 23. Kh1 R8e6 24. Bxc6 Rxc6 25. Qxc6
bxc6 26. Rae1 1-0

[Event "Mechanics' Mar TNM; 30/90, SD/30"]
[Site "San Francisco"]
[Date "2012.07.31"]
[Round "1.18"]
[White "Abraham, Renjish"]
[Black "Rubandas, Samprabhu"]
[Result "1-0"]
[WhiteElo "1877"]
[BlackElo "1303"]
[PlyCount "67"]
[EventDate "2012.??.??"]

1. c4 e5 2. g3 Nf6 3. Bg2 Be7 4. Nf3 d6 5. O-O O-O 6. Nc3 Bg4 7. Qb3 Qc8 8.
Nxe5 Nc6 9. Nxc6 bxc6 10. Bxc6 Rb8 11. Qa4 Rb6 12. Bg2 Ra6 13. Qc2 Bh3 14. d4
c6 15. b4 d5 16. c5 Qg4 17. Qd3 Bxg2 18. Kxg2 Qc8 19. a4 Ne8 20. e4 Nc7 21. Re1
Nb5 22. Nxb5 cxb5 23. Qxb5 Re6 24. e5 f5 25. f4 a6 26. Qd3 Qe8 27. b5 Qh5 28.
Qf3 Qg6 29. Qxd5 Rd8 30. Qc4 h5 31. d5 h4 32. dxe6 Qg4 33. Qe2 h3+ 34. Kf1 1-0

[Event "Mechanics' Mar TNM; 30/90, SD/30"]
[Site "San Francisco"]
[Date "2012.09.25"]
[Round "9.15"]
[White "Abraham, Renjish"]
[Black "Russell, Ryan"]
[Result "1-0"]
[WhiteElo "1877"]
[BlackElo "1731"]
[PlyCount "105"]
[EventDate "2012.??.??"]

1. c4 Nf6 2. d4 e5 3. dxe5 Ng4 4. e4 Nxe5 5. f4 Bb4+ 6. Nd2 Ng6 7. Qb3 Nc6 8.
g3 Nd4 9. Qd3 c5 10. a3 Bxd2+ 11. Bxd2 O-O 12. Ne2 Nxe2 13. Bxe2 d6 14. O-O-O
b6 15. Bc3 Bb7 16. Rhe1 Qe7 17. Qxd6 Qxd6 18. Rxd6 Bxe4 19. Bh5 Rfe8 20. Rxe4
Rxe4 21. Bf3 Ree8 22. Bxa8 Rxa8 23. f5 Nf8 24. Rc6 f6 25. Rc7 h6 26. Bd2 Nh7
27. Bf4 Ng5 28. Rb7 Nf3 29. Rb8+ Rxb8 30. Bxb8 a6 31. Ba7 b5 32. cxb5 axb5 33.
h4 c4 34. Kc2 Ne5 35. Kc3 Nc6 36. Bc5 Kf7 37. a4 bxa4 38. Kxc4 Ne5+ 39. Kb5 g6
40. fxg6+ Kxg6 41. Kxa4 Kf5 42. b4 Kg4 43. Be7 Nd7 44. Bd6 Kf5 45. Bf4 h5 46.
Ka5 Ke6 47. b5 Kd5 48. Ka6 f5 49. Ka7 Kc5 50. b6 Nxb6 51. Be3+ Kc6 52. Bxb6 Kd6
53. Kb7 1-0

[Event "Mechanics' Fall TNM; 30/90, SD/30"]
[Site "San Francisco"]
[Date "2012.10.23"]
[Round "2.6"]
[White "Abraham, Renjish"]
[Black "Watson, Farid"]
[Result "0-1"]
[WhiteElo "1877"]
[BlackElo "2095"]
[PlyCount "72"]
[EventDate "2012.??.??"]

1. c4 c5 2. Nc3 Nf6 3. Nf3 d5 4. cxd5 Nxd5 5. e4 Nxc3 6. bxc3 Bg4 7. Qa4+ Bd7
8. Qb3 Qc7 9. d4 e6 10. Be2 Nc6 11. O-O Be7 12. Bb2 O-O 13. c4 Nxd4 14. Nxd4
cxd4 15. Bxd4 e5 16. Be3 Be6 17. Qc3 Bc5 18. Rac1 Rfd8 19. f4 exf4 20. Bxc5
Qxc5+ 21. Kh1 Qe3 22. Qxe3 fxe3 23. Rf3 Rd2 24. Rxe3 Rxa2 25. Bf1 Rd2 26. Rb3
b6 27. Ra3 g6 28. g3 Rd7 29. Kg1 Rc8 30. Kf2 Rdc7 31. Rac3 b5 32. c5 b4 33.
R3c2 a5 34. Ba6 Ra8 35. Bb5 a4 36. c6 b3 0-1

[Event "Mechanics' Mar TNM; 30/90, SD/30"]
[Site "San Francisco"]
[Date "2012.09.18"]
[Round "8.10"]
[White "Afkham-Ebrahimi, Payam"]
[Black "Andries, Craig"]
[Result "1-0"]
[WhiteElo "1873"]
[BlackElo "1919"]
[PlyCount "45"]
[EventDate "2012.??.??"]

1. c4 Nf6 2. Nf3 g6 3. Nc3 Bg7 4. d4 d6 5. e4 O-O 6. Bd3 Bg4 7. Qb3 Qc8 8. Bg5
Nc6 9. d5 Nb8 10. h3 Bxf3 11. gxf3 Nbd7 12. O-O-O c6 13. f4 a6 14. Qc2 Qc7 15.
h4 Nc5 16. Be2 Ncxe4 17. Nxe4 Nxe4 18. Qxe4 cxd5 19. Qg2 h6 20. h5 Qa5 21. a3
Qb6 22. b4 a5 23. hxg6 {Black's flag fell.} 1-0

[Event "Mechanics' Spring TNM; 30/90, SD/30"]
[Site "San Francisco"]
[Date "2012.04.24"]
[Round "7.5"]
[White "Afkham-Ebrahimi, Payam"]
[Black "Rumph, Todd"]
[Result "0-1"]
[WhiteElo "1886"]
[BlackElo "2183"]
[PlyCount "76"]
[EventDate "2012.??.??"]

1. f4 d5 2. Nf3 Nf6 3. e3 Bg4 4. Be2 e6 (4... Nbd7 5. d4 (5. O-O Bxf3 6. Bxf3
e5)) 5. b3 Nbd7 6. Bb2 Bd6 7. c4 (7. O-O O-O 8. Ne5) 7... c6 8. O-O O-O 9. Qe1
Re8 10. Nc3 a5 11. Qh4 dxc4 12. Bxc4 (12. bxc4 Bxf4 13. exf4 Qb6+ 14. Kh1 Qxb2
15. Rab1 Qc2 16. Rxb7 Nc5 17. Nd4 Qxd2) 12... Nc5 13. d4 Na6 14. Ne5 Bf5 15.
Rad1 Nb4 16. Rd2 Nbd5 17. Bxd5 exd5 18. Qg5 Ne4 19. Nxe4 Bxe4 20. Qh5 Qe7 21.
f5 f6 22. Ng4 (22. Ng6 Qf7) 22... Qf7 23. Qh4 a4 24. Rdf2 axb3 25. axb3 h5 26.
Ne5 fxe5 27. dxe5 Bxe5 28. f6 g6 29. Bxe5 Rxe5 30. Qg3 Rae8 31. Ra1 Bf5 32. Qg5
Kh7 33. Ra7 Bd3 34. Rxb7 Qxb7 35. f7 Qa8 36. f8=N+ Rxf8 37. Qxe5 Rxf2 38. Qe7+
Kg8 0-1

[Event "Mechanics' Spring TNM; 30/90, SD/30"]
[Site "San Francisco"]
[Date "2012.04.10"]
[Round "5.16"]
[White "Afkham-Ebrahimi, Payam"]
[Black "Sherwood, Peter"]
[Result "1-0"]
[WhiteElo "1886"]
[BlackElo "1727"]
[PlyCount "73"]
[EventDate "2012.??.??"]

1. c4 e5 2. Nc3 Nf6 3. g3 c5 4. Bg2 Nc6 5. Nf3 Be7 6. O-O O-O 7. Rb1 d6 8. d3
h6 9. Ne1 Re8 10. f4 Rb8 11. f5 Nd4 12. e4 b5 13. Nc2 bxc4 14. dxc4 Ba6 15. Ne3
Bb7 16. b3 Bc6 17. Rb2 Qd7 18. Rbf2 Qb7 19. Ncd5 Bxd5 20. exd5 Qd7 21. Ng4 Kh7
22. Nxf6+ Bxf6 23. Be4 Kh8 24. Qh5 Qd8 25. g4 Rb7 26. g5 Bxg5 27. f6 Bxc1 28.
Rxc1 Rg8 29. Kh1 Qf8 30. Rc3 g6 31. Qh4 Kh7 32. Rh3 a5 33. Rg2 a4 34. Rg5 Rh8
35. Qh5 Rg8 36. Qxh6+ Qxh6 37. Rgh5 1-0

[Event "Mechanics' Mar TNM; 30/90, SD/30"]
[Site "San Francisco"]
[Date "2012.08.28"]
[Round "5.15"]
[White "Afkham-Ebrahimi, Payam"]
[Black "Standen, Julian"]
[Result "1-0"]
[WhiteElo "1873"]
[BlackElo "1714"]
[PlyCount "43"]
[EventDate "2012.??.??"]

1. f4 d5 2. g3 Nf6 3. Nf3 Bf5 4. Bg2 e6 5. O-O Bc5+ 6. d4 Be7 7. Nbd2 Ne4 8. e3
O-O 9. c4 c6 10. c5 Nxd2 11. Nxd2 Nd7 12. b4 a6 13. Bb2 Qc7 14. g4 Bd3 15. Rf3
f5 16. g5 Be4 17. Nxe4 dxe4 18. Rh3 g6 19. Qb3 Rf7 20. Qxe6 Nf8 21. Qb3 Bd8 22.
Bf1 1-0

[Event "Mechanics' Mar TNM; 30/90, SD/30"]
[Site "San Francisco"]
[Date "2012.09.25"]
[Round "9.5"]
[White "Afkham-Ebrahimi, Payam"]
[Black "Traub, Igor"]
[Result "0-1"]
[WhiteElo "1873"]
[BlackElo "2135"]
[PlyCount "62"]
[EventDate "2012.??.??"]

1. c4 e5 2. Nc3 d6 3. g3 Be6 4. Bg2 c6 5. d3 f5 6. Nf3 Be7 7. b3 g5 8. Bb2 g4
9. Nd2 Nf6 10. Qc2 Na6 11. a3 h5 12. O-O-O h4 13. e3 h3 14. Bf1 Qc7 15. d4
O-O-O 16. f4 gxf3 17. Nxf3 Ng4 18. Qe2 e4 19. Nd2 Bg5 20. d5 Bd7 21. dxc6 bxc6
22. Na4 Nxe3 23. Bxh8 Rxh8 24. Re1 Qa5 25. Kb2 Nc5 26. Nxc5 Qxc5 27. Nb1 Kc7
28. Nc3 Qd4 29. b4 Be6 30. c5 Nc4+ 31. Kc2 Nxa3+ 0-1

[Event "Mechanics' Mar TNM; 30/90, SD/30"]
[Site "San Francisco"]
[Date "2012.08.14"]
[Round "3.14"]
[White "Afkham-Ebrahimi, Payam"]
[Black "Yamamoto, Craig"]
[Result "0-1"]
[WhiteElo "1873"]
[BlackElo "1627"]
[PlyCount "74"]
[EventDate "2012.??.??"]

1. e4 e5 2. Nf3 d6 3. d4 exd4 4. Qxd4 Nc6 5. Bb5 Bd7 6. Bxc6 Bxc6 7. O-O Nf6 8.
Bg5 Be7 9. c4 h6 10. Bh4 O-O 11. Nc3 Nxe4 12. Bxe7 Qxe7 13. Rfe1 f5 14. b4 Qf6
15. Nxe4 Bxe4 16. Qxf6 Rxf6 17. Nd4 b6 18. f3 Bd3 19. Rac1 f4 20. Nc6 Rf7 21.
Rc3 Bf5 22. b5 Bd7 23. Ne7+ Kh7 24. Rc2 a6 25. Nd5 axb5 26. Nxc7 Rc8 27. Nd5
Rc6 28. Rb2 bxc4 29. Ne7 c3 30. Rbe2 Rc5 31. Rc1 c2 32. Kf2 Ba4 33. g4 Re5 34.
Nc8 Rb7 35. Nxd6 Rxe2+ 36. Kxe2 Rd7 37. Nc4 Rd1 0-1

[Event "Mechanics' Fall TNM; 30/90, SD/30"]
[Site "San Francisco"]
[Date "2012.11.06"]
[Round "4.20"]
[White "Agdamag, Samuel"]
[Black "Steigum, Erling"]
[Result "0-1"]
[WhiteElo "1413"]
[BlackElo "1988"]
[PlyCount "96"]
[EventDate "2012.??.??"]

1. e4 c5 2. Nf3 e6 3. d3 Nc6 4. c3 Nf6 5. Bg5 Be7 6. g3 d5 7. e5 Nd7 8. Bxe7
Qxe7 9. d4 O-O 10. Bg2 b6 11. a3 a5 12. O-O Ba6 13. Re1 Rfc8 14. Nbd2 Rc7 15.
Rc1 Rac8 16. h4 cxd4 17. cxd4 Ncxe5 18. Rxc7 Nxf3+ 19. Nxf3 Rxc7 20. Qb1 Qd8
21. Ng5 Nf8 22. Qd1 h6 23. Nh3 Qf6 24. Nf4 g6 25. Re3 Kg7 26. Qg4 Qf5 27. Qxf5
gxf5 28. Rc3 Rxc3 29. bxc3 Kf6 30. Nh5+ Ke7 31. Nf4 Kd6 32. Bf1 Bxf1 33. Kxf1
Kc6 34. Nd3 Nd7 35. Nb2 b5 36. f4 Nb6 37. Ke2 Nc4 38. Nxc4 dxc4 39. Kd2 b4 40.
cxb4 axb4 41. axb4 Kb5 42. Kc3 h5 43. Kd2 Kxb4 44. Kc2 c3 45. Kc1 Kc4 46. Kd1
Kxd4 47. Kc2 Ke3 48. Kxc3 Kf3 0-1

[Event "Mechanics' Fall TNM; 30/90, SD/30"]
[Site "San Francisco"]
[Date "2012.10.16"]
[Round "1.16"]
[White "Agdamag, Samuel"]
[Black "Todortsev, Victor"]
[Result "0-1"]
[WhiteElo "1413"]
[BlackElo "1940"]
[PlyCount "102"]
[EventDate "2012.??.??"]

1. e4 c5 2. Nf3 Nc6 3. d3 g6 4. g3 Bg7 5. Bg2 d6 6. Nbd2 Nf6 7. O-O O-O 8. Re1
Bg4 9. c3 Qd7 10. Qc2 Bh3 11. Nf1 Rac8 12. Nh4 Bxg2 13. Kxg2 b5 14. a3 a5 15.
h3 b4 16. Be3 Rc7 17. Qd2 Rfc8 18. Nh2 bxc3 19. bxc3 Ne5 20. f4 Nc6 21. Rf1 Nd4
22. Bxd4 cxd4 23. c4 Rc5 24. f5 Qc6 25. fxg6 hxg6 26. Kg1 Rh5 27. Qf2 Rf8 28.
g4 Bh6 29. Kh1 Be3 30. Qg3 Rh7 31. Ng2 Bh6 32. g5 Nh5 33. Qg4 Bg7 34. Rf2 Rb8
35. Qf3 Be5 36. Ng4 Rf8 37. Nh6+ Kh8 38. Nh4 Nf4 39. Ng2 Nh5 40. Rb2 Qd7 41.
Rab1 d5 42. exd5 Ng3+ 43. Kg1 Qxh3 44. Kf2 f6 45. Rb7 Bd6 46. c5 Bxc5 47. Rb8
Rc8 48. Rxc8+ Qxc8 49. Qxg3 Bd6 50. Qg4 Qc2+ 51. Qe2 Qxb1 0-1

[Event "Mechanics' Summer TNM; 30/90, SD/30"]
[Site "San Francisco"]
[Date "2012.06.19"]
[Round "5.18"]
[White "Allen, Tom"]
[Black "Chernobilskiy, Mikhail"]
[Result "0-1"]
[WhiteElo "1450"]
[BlackElo "1855"]
[PlyCount "135"]
[EventDate "2012.??.??"]

1. e4 c5 2. d4 cxd4 3. c3 dxc3 4. Nxc3 d6 5. Nf3 Nc6 6. Bc4 e6 7. O-O Be7 8.
Qe2 a6 9. Rd1 Qc7 10. Bf4 Nf6 11. e5 Nh5 12. exd6 Nxf4 13. dxc7 Nxe2+ 14. Nxe2
b5 15. Bd3 Bb7 16. Be4 Rc8 17. Ne5 Na5 18. Bxb7 Nxb7 19. Rac1 Bd6 20. Rxd6 Nxd6
21. Rc6 Nc4 22. Nxc4 bxc4 23. Rxc4 Kd7 24. Nc3 Rxc7 25. Rd4+ Ke7 26. Rd2 Rd8
27. Rxd8 Kxd8 28. Kf1 Rb7 29. Nd1 Rc7 30. Nc3 Rd7 31. Ke2 Kc7 32. Ke3 Kc6 33.
Ke2 h6 34. h3 e5 35. f3 f5 36. g3 g5 37. g4 f4 38. a3 a5 39. Ke1 Kc5 40. Ne4+
Kc4 41. b3+ Kd4 42. Ke2 Rb7 43. Nd2 Kc3 44. Nc4 Rxb3 45. Nxa5 Rxa3 46. Nc6 Ra6
47. Ne7 Ra2+ 48. Ke1 Rh2 49. Nc6 e4 50. fxe4 Rxh3 51. Kf2 Re3 52. Ne5 Kd4 53.
Nf7 Kxe4 54. Nxh6 Ra3 55. Nf7 Ra5 56. Nd6+ Kd3 57. Nf5 Re5 58. Kf3 Re3+ 59. Kf2
Re2+ 60. Kf3 Ra2 61. Nd6 Kd4 62. Nf5+ Ke5 63. Nh6 Ra3+ 64. Kf2 Rg3 65. Kf1 Rh3
66. Nf5 Rh4 67. Nxh4 gxh4 68. Kg2 0-1

[Event "Mechanics' Mar TNM; 30/90, SD/30"]
[Site "San Francisco"]
[Date "2012.09.18"]
[Round "8.18"]
[White "Allen, Tom"]
[Black "Delaney, Will"]
[Result "0-1"]
[WhiteElo "1459"]
[BlackElo "1800"]
[PlyCount "70"]
[EventDate "2012.??.??"]

1. e4 e5 2. Nf3 Nc6 3. d4 exd4 4. c3 d3 5. Qxd3 d6 6. Qc2 Ne5 7. Nxe5 dxe5 8.
Be2 Bc5 9. O-O Qf6 10. Nd2 g5 11. Nc4 Ne7 12. Be3 Bb6 13. Rad1 O-O 14. Nxb6
axb6 15. b3 Be6 16. Rd3 Ng6 17. Qd2 Nf4 18. Bxf4 gxf4 19. Rd1 Qg6 20. Bf3 h5
21. Kh1 h4 22. h3 Kh8 23. Qe2 Rg8 24. Qf1 Rxa2 25. Rd8 Rxd8 26. Rxd8+ Kg7 27.
c4 Qf6 28. Rd3 Qe7 29. Kh2 Qc5 30. Be2 c6 31. g3 hxg3+ 32. fxg3 b5 33. gxf4
exf4 34. Rc3 Qd4 35. Rc1 Qe3 0-1

[Event "Mechanics' Spring TNM; 30/90, SD/30"]
[Site "San Francisco"]
[Date "2012.03.27"]
[Round "3.25"]
[White "Allen, Tom"]
[Black "Dembling, Arthur"]
[Result "0-1"]
[WhiteElo "1521"]
[BlackElo "1687"]
[PlyCount "58"]
[EventDate "2012.??.??"]

1. e4 e6 2. d4 d5 3. Nd2 Be7 4. e5 c5 5. dxc5 Nc6 6. Ngf3 Bxc5 7. Nb3 Bb6 8.
Bd3 Nge7 9. O-O Ng6 10. Bxg6 hxg6 11. Re1 Qc7 12. Bf4 Bd7 13. Rc1 O-O 14. c4
dxc4 15. Rxc4 Qd8 16. Nc5 Bxc5 17. Rxc5 Qe7 18. Qc1 Rfc8 19. Bg5 Qf8 20. Qe3
Ne7 21. Bxe7 Qxe7 22. Rec1 Bc6 23. Nd2 Qd7 24. Nc4 b6 25. Rxc6 Qxc6 26. Rc3 Qd5
27. Qe2 Rc5 28. b4 Rc7 29. h3 Rac8 0-1

[Event "Mechanics' Winter TNM; 30/90, SD/30"]
[Site "San Francisco"]
[Date "2012.01.17"]
[Round "3.25"]
[White "Allen, Tom"]
[Black "Graham, Ryan"]
[Result "0-1"]
[WhiteElo "1549"]
[BlackElo "1280"]
[PlyCount "148"]
[EventDate "2012.??.??"]

1. e4 c5 2. d4 cxd4 3. c3 dxc3 4. Nxc3 Nc6 5. Nf3 d6 6. Bc4 e6 7. O-O Nf6 8.
Qe2 Be7 9. Rd1 O-O 10. e5 Ne8 11. exd6 Bxd6 12. Bf4 Qe7 13. Bxd6 Nxd6 14. Nd5
Qd8 15. Nf4 Qe7 16. Bb3 Rd8 17. Ne5 Na5 18. Bc2 Bd7 19. Nxd7 Rxd7 20. Qh5 f5
21. Re1 e5 22. Bxf5 Nxf5 23. Qxf5 Re8 24. Qh3 Qf7 25. Nd3 e4 26. Nc5 Rde7 27.
b3 Nc6 28. Rad1 b6 29. Na4 Nb4 30. Nb2 Nxa2 31. Rd4 e3 32. fxe3 Qxb3 33. Nd1
Nb4 34. Qf5 a6 35. Rh4 g6 36. Qf4 Nd3 37. Qf1 Nxe1 38. Qxe1 Rxe3 39. Nxe3 Qxe3+
40. Qxe3 Rxe3 41. Kf2 Rc3 42. Rd4 Rc7 43. Rd8+ Kg7 44. Ra8 a5 45. Rb8 Rc6 46.
Rb7+ Kh6 47. h4 g5 48. hxg5+ Kg6 49. g4 a4 50. Ke3 Kxg5 51. Rxh7 Kxg4 52. Kd4
Rc1 53. Rb7 Rb1 54. Kc3 Kf4 55. Kc4 Rb2 56. Rf7+ Kg5 57. Kc3 Rb5 58. Ra7 Rb3+
59. Kc2 b5 60. Ra6 Kf5 61. Ra7 Ke5 62. Rd7 Ke6 63. Rd8 Rb4 64. Kc3 Rc4+ 65. Kb2
Ke7 66. Rd5 Rb4+ 67. Kc3 Ke6 68. Rd8 Rc4+ 69. Kb2 b4 70. Ra8 b3 71. Rd8 Rc2+
72. Kb1 a3 73. Rb8 a2+ 74. Ka1 Rc1+ 0-1

[Event "Mechanics' Mar TNM; 30/90, SD/30"]
[Site "San Francisco"]
[Date "2012.08.28"]
[Round "5.17"]
[White "Allen, Tom"]
[Black "Harmon, Frederick"]
[Result "0-1"]
[WhiteElo "1459"]
[BlackElo "1819"]
[PlyCount "69"]
[EventDate "2012.??.??"]

1. e4 e5 2. Nf3 d6 3. d4 exd4 4. Nxd4 Be7 5. Nc3 Nf6 6. Bc4 O-O 7. O-O c6 8.
Re1 Nbd7 9. Nf5 Ne5 10. Nxe7+ Qxe7 11. Bf1 h6 12. f4 Ng6 13. Qd3 Re8 14. Bd2
Qc7 15. Rad1 Bg4 16. Be2 Rad8 17. Bxg4 Nxg4 18. Qg3 Qb6+ 19. Kf1 h5 20. h3 Nf6
21. f5 Ne5 22. Bg5 Kf8 23. Qh4 Ke7 24. Ne2 Kd7 25. Bxf6 gxf6 26. Qxf6 Kc7 27.
b3 Qe3 28. Rd4 Nf3 29. gxf3 Qxf3+ 30. Kg1 Rg8+ 31. Qg6 fxg6 32. f6 Qxf6 33. Rf1
Qg5+ 34. Kh2 Rgf8 35. Rg1 0-1

[Event "Mechanics' Winter TNM; 30/90, SD/30"]
[Site "San Francisco"]
[Date "2012.01.03"]
[Round "1.6"]
[White "Allen, Tom"]
[Black "Krasnov, Steven"]
[Result "0-1"]
[WhiteElo "1549"]
[BlackElo "1983"]
[Annotator "Donaldson"]
[PlyCount "42"]
[EventDate "2012.??.??"]

1. e4 c5 2. d4 cxd4 3. c3 Nf6 4. e5 Nd5 5. Qxd4 e6 6. Nf3 Nc6 7. Qe4 Be7 (7...
f5) 8. Bd3 f5 9. Qe2 O-O 10. O-O d6 11. Bb5 $2 (11. exd6 Qxd6 (11... Bxd6 12.
c4 Ndb4 13. Rd1) 12. Na3) 11... Nxe5 12. Nxe5 dxe5 13. Qxe5 Bd6 14. Qe2 Qc7 15.
Kh1 Rf6 16. Nd2 Bxh2 (16... a6 17. Bd3 (17. Ba4 b5) 17... Nf4 18. Qe3 b5) 17.
g3 Bxg3 18. fxg3 Qxg3 19. Qg2 (19. Qh2 Rh6 (19... Qxh2+ 20. Kxh2 Ne3) 20. Qxh6
gxh6 21. Rg1) 19... Rh6+ 20. Kg1 Qe3+ 21. Qf2 Qh3 0-1

[Event "Mechanics' Spring TNM; 30/90, SD/30"]
[Site "San Francisco"]
[Date "2012.04.17"]
[Round "6.29"]
[White "Allen, Tom"]
[Black "Lazaro, Fernando"]
[Result "1/2-1/2"]
[WhiteElo "1521"]
[BlackElo "1300"]
[PlyCount "65"]
[EventDate "2012.??.??"]

1. e4 e5 2. Nf3 d6 3. d4 exd4 4. Qxd4 Be6 5. Nc3 h6 6. Bd3 Nc6 7. Bb5 Bd7 8.
Bxc6 Bxc6 9. O-O Nf6 10. Re1 Be7 11. Nd5 O-O 12. c4 Bxd5 13. exd5 Nh7 14. Qg4
Kh8 15. Nd4 Bf6 16. Rb1 Bxd4 17. Qxd4 Nf6 18. Re3 Re8 19. Bd2 Rxe3 20. Bxe3 Qd7
21. Bxh6 Qf5 22. Bxg7+ Kxg7 23. Re1 Kf8 24. h3 Re8 25. Rxe8+ Kxe8 26. Qxa7 Qb1+
27. Kh2 Qxb2 28. Qb8+ Kd7 29. Qf8 Qe5+ 30. g3 Qe7 31. Qa8 b6 32. Qc6+ Kc8 33.
Qa8+ 1/2-1/2

[Event "Mechanics' Summer TNM; 30/90, SD/30"]
[Site "San Francisco"]
[Date "2012.05.29"]
[Round "2.24"]
[White "Allen, Tom"]
[Black "Lazaro, Fernando"]
[Result "1-0"]
[WhiteElo "1450"]
[BlackElo "1254"]
[PlyCount "74"]
[EventDate "2012.??.??"]

1. e4 e5 2. Nf3 d6 3. d4 exd4 4. Qxd4 Nc6 5. Bb5 Nge7 6. O-O Bd7 7. Bxc6 Nxc6
8. Qd3 Be7 9. Bf4 O-O 10. Nc3 Nb4 11. Qd2 Bg4 12. Nd4 Bf6 13. Rac1 Be6 14. a3
Bxd4 15. Qxd4 Nc6 16. Qd2 Qh4 17. Bg3 Qh5 18. Rfe1 g6 19. Rcd1 Rad8 20. Ne2 h6
21. Nf4 Qb5 22. Qc1 Ne5 23. b3 g5 24. Nd5 Bxd5 25. Rxd5 Qe8 26. f4 c6 27. Rdd1
gxf4 28. Bxf4 Qe6 29. Bxh6 Rfe8 30. Qg5+ Ng6 31. Rd3 Kh7 32. Rh3 Rh8 33. Bf8+
Kg8 34. Rxh8+ Kxh8 35. Qxd8 Kh7 36. Bxd6 Qg4 37. Bg3 Qg5 1-0